STATISTICAL PROCESS CONTROL A PRACTICAL (Record no. 12659)

MARC details
000 -LEADER
fixed length control field 00402nam a2200145Ia 4500
008 - FIXED-LENGTH DATA ELEMENTS--GENERAL INFORMATION
fixed length control field 240624s9999 xx 000 0 und d
041 ## - LANGUAGE CODE
Language code of text/sound track or separate title eng
082 ## - DEWEY DECIMAL CLASSIFICATION NUMBER
Classification number 658.5 OAK
100 ## - MAIN ENTRY--PERSONAL NAME
Personal name OAKLAND JOHN S
245 ## - TITLE STATEMENT
Title STATISTICAL PROCESS CONTROL A PRACTICAL
250 ## - EDITION STATEMENT
Edition statement (2nd ed.)
260 ## - PUBLICATION, DISTRIBUTION, ETC.
Date of publication, distribution, etc. 2003
Place of publication, distribution, etc. New Delhi
Name of publisher, distributor, etc. Affiliated East-West Press Pvt Ltd
300 ## - PHYSICAL DESCRIPTION
Extent xiii, , 431 , 21 , p. : cm.
365 ## - TRADE PRICE
Currency code RS
Price amount 20
Holdings
Withdrawn status Lost status Damaged status Not for loan Home library Current library Shelving location Date acquired Source of acquisition Cost, normal purchase price Total Holds Full call number Barcode Date last seen Copy number Price effective from Koha item type
        IMTN IMTN Rack 34-A 02/20/2009 UBS 125.00 32767 658.5 OAK 12659 06/24/2024 1 06/24/2024 Books
Designed & Maintained by: LRC IMT Nagpur Contact: lrc@imtnag.ac.in© 2024. All Rights Reserved.